Values & ethics of profession & business : (Record no. 134936)

MARC details
000 -LEADER
fixed length control field 00672nam a22002177a 4500
005 - DATE AND TIME OF LATEST TRANSACTION
control field 20170124110237.0
010 ## - LIBRARY OF CONGRESS CONTROL NUMBER
LC control number B-128336
020 ## - INTERNATIONAL STANDARD BOOK NUMBER
Terms of availability 250.00
International Standard Book Number 818183027
035 ## - SYSTEM CONTROL NUMBER
System control number B-128336
037 ## - SOURCE OF ACQUISITION
Source of stock number/acquisition Cen Lib/Ret
040 ## - CATALOGING SOURCE
Original cataloging agency DPL
Language of cataloging EN
082 ## - DEWEY DECIMAL CLASSIFICATION NUMBER
Classification number 174.9658
Item number SAR
100 ## - MAIN ENTRY--PERSONAL NAME
Personal name Sarangi, S.K.
9 (RLIN) 42209
245 ## - TITLE STATEMENT
Title Values & ethics of profession & business :
Statement of responsibility, etc by S.K. Sarangi
Remainder of title concepts & cases /
260 ## - PUBLICATION, DISTRIBUTION, ETC. (IMPRINT)
Place of publication, distribution, etc Mumbai
Name of publisher, distributor, etc VMP Publishers
Date of publication, distribution, etc 2004
270 ## - ADDRESS
City Mumbai
Address 6 princess building, E.R. road,
Postal code 400003
300 ## - PHYSICAL DESCRIPTION
Extent 368p.
Dimensions 23cm(pbk)
650 ## - SUBJECT ADDED ENTRY--TOPICAL TERM
Topical term or geographic name as entry element Ethics & values
9 (RLIN) 72718
650 ## - SUBJECT ADDED ENTRY--TOPICAL TERM
Topical term or geographic name as entry element Bussiness--ethics
9 (RLIN) 72719
942 ## - ADDED ENTRY ELEMENTS (KOHA)
Source of classification or shelving scheme Dewey Decimal Classification
Koha item type English Books
Classification part 174.9658
Call number suffix SAR
Holdings
Withdrawn status Lost status Damaged status Not for loan Home library Current library Date acquired Source of acquisition Cost, normal purchase price Total Checkouts Full call number Barcode Date last seen Date checked out Copy number Cost, replacement price Price effective from Koha item type
        Central Library Central Library 31/07/2015 Cen Lib/Ret 250.00 2 174.9658 SAR B-128336 22/05/2019 11/05/2019 1 250.00 31/07/2015 English Books

© Delhi Public Library
Hit Counter
free hit counter